| 000 | 00387nam a2200145Ia 4500 | ||
|---|---|---|---|
| 008 | 210210b1974 xxu||||| |||| 00| 0 eng d | ||
| 082 | _a633.189 MUEF | ||
| 100 | _aMULLER (K E). | ||
| 245 | _aField problems of tropical rice. | ||
| 260 |
_aPhilippines. _bThe International rice Research Institute, _c1974 |
||
| 300 | _a94 | ||
| 650 | _aRice | ||
| 690 | _aAgriculture | ||
| 906 | _a042231 | ||
| 999 |
_c91897 _d91897 |
||